Applied accounting for the microcomputer usre : (Record no. 164677)
[ view plain ]
| 000 -LEADER | |
|---|---|
| fixed length control field | 00586nam a2200193 a 4500 |
| 008 - FIXED-LENGTH DATA ELEMENTS--GENERAL INFORMATION | |
| fixed length control field | |
| 020 ## - INTERNATIONAL STANDARD BOOK NUMBER | |
| International Standard Book Number | 0798635452 (pbk.) |
| 049 ## - LOCAL HOLDINGS (OCLC) | |
| Holding library | MAIN |
| 090 ## - LOCALLY ASSIGNED LC-TYPE CALL NUMBER (OCLC); LOCAL CALL NUMBER (RLIN) | |
| Classification number (OCLC) (R) ; Classification number, CALL (RLIN) (NR) | HF5679 STO |
| 003 - CONTROL NUMBER IDENTIFIER | |
| control field | |
| 005 - DATE AND TIME OF LATEST TRANSACTION | |
| control field | 20230123134351.0 |
| 040 ## - CATALOGING SOURCE | |
| Transcribing agency | NUST |
| 100 ## - MAIN ENTRY--PERSONAL NAME | |
| Personal name | Storm, G.J. |
| 245 #0 - TITLE STATEMENT | |
| Title | Applied accounting for the microcomputer usre : |
| Remainder of title | based on pastel accounting version 3 / |
| Statement of responsibility, etc. | G. J. Storm, A van der Laan. |
| 260 ## - PUBLICATION, DISTRIBUTION, ETC. | |
| Place of publication, distribution, etc. | Pretoria : |
| Name of publisher, distributor, etc. | kagiso Tertiary, |
| Date of publication, distribution, etc. | 1995. |
| 700 ## - ADDED ENTRY--PERSONAL NAME | |
| Personal name | van der Laan, A. |
| 907 ## - LOCAL DATA ELEMENT G, LDG (RLIN) | |
| a | .b10111384 |
| b | 12-02-07 |
| c | 17-02-04 |
| 942 ## - ADDED ENTRY ELEMENTS (KOHA) | |
| Koha item type | Ordinary Loan Books |
| Call number prefix | HF5679 STO |
| Date last seen | Total Checkouts | Full call number | Barcode | Cost, replacement price | Price effective from | Koha item type | Lost status | Source of classification or shelving scheme | Damaged status | Not for loan | Collection | Withdrawn status | Home library | Current library | Shelving location | Date acquired | Cost, normal purchase price |
|---|---|---|---|---|---|---|---|---|---|---|---|---|---|---|---|---|---|
| 01/23/2023 | 2 | HF5679 STO | 92003006139 | 80.00 | 01/23/2023 | BOOKS | LCC | NFIC | MAIN | MAIN | GEN | 01/23/2023 | 80.00 |